000 00313nam a2200121Ia 4500
008 191201s1997 xx 000 0 und d
100 _aAHLUWALIA, V.K.
245 0 _aComprehensive Experimental Chemistry
260 _aN. Delhi
_bNew Age International
_c1997
300 _a358
650 _aApplied
942 _2ddc
_cBK
999 _c6625
_d6625